| 000 | 00550cam a2200205ua 4500 | ||
|---|---|---|---|
| 001 | 12003 | ||
| 005 | 20260515114826.0 | ||
| 008 | 200103n ii |||gr||||Z||||||eng | ||
| 020 | _a9788131103937 | ||
| 040 | _cMAIN | ||
| 082 | _a331.702 | ||
| 100 |
_aS.Viswanathan . , _eAuthor. |
||
| 245 |
_aMAIN and vocational Guidance : _btheory and practice / _cBy S.Viswanathan . |
||
| 250 | _a1st ed. | ||
| 260 |
_aNew Delhi: _bCommonwealth, _c2013. |
||
| 300 | _a279p. | ||
| 653 | _aLabor economics | ||
| 700 |
_aS.K.Siddharth, _eAuthor. |
||
| 942 | _cBK | ||
| 999 |
_c10776 _d10776 |
||